| 000 | 00424nam a2200145Ia 4500 | ||
|---|---|---|---|
| 005 | 20241220015200.0 | ||
| 008 | 240331s9999 xx 000 0 und d | ||
| 082 |
_bGOO _a828 |
||
| 100 | _aGooneratne, Y | ||
| 245 | 0 | _aEnglish literature in Ceylon 1815-1878 | |
| 260 |
_aDehiwala _bTisara Press _c1968 |
||
| 300 | _aXvii, 234 p ., | ||
| 500 | _athe study of the English literature of 19th century Ceylon involves | ||
| 942 | _cL | ||
| 999 |
_c3405 _d3405 |
||